ბათუმის შოთა რუსთაველის სახელმწიფო უნივერსიტეტის ბიბლიოთეკა

Treatment plans and interventions for depression and anxiety disorders / (ბიბ.ჩანაწერი № 59802)

000 -LEADER
fixed length control field 00969cam a22002654a 4500
001 - CONTROL NUMBER
control field 16889031
005 - DATE AND TIME OF LATEST TRANSACTION
control field 20230421120410.0
008 - FIXED-LENGTH DATA ELEMENTS--GENERAL INFORMATION
fixed length control field 110721s2012 nyu b 001 0 eng
020 ## - INTERNATIONAL STANDARD BOOK NUMBER
International Standard Book Number 9781609186494
040 ## - CATALOGING SOURCE
Original cataloging agency DNLM/DLC
Transcribing agency DLC
041 ## - LANGUAGE CODE
Language code of text/sound track or separate title eng
080 ## - UNIVERSAL DECIMAL CLASSIFICATION NUMBER
Universal Decimal Classification number 616.89-085
100 1# - MAIN ENTRY--PERSONAL NAME
Personal name Leahy, Robert L.
9 (RLIN) 17705
245 10 - TITLE STATEMENT
Title Treatment plans and interventions for depression and anxiety disorders /
Statement of responsibility, etc. Robert L. Leahy, Stephen J. F. Holland, Lata K. McGinn.
250 ## - EDITION STATEMENT
Edition statement 2nd ed.
264 ## - PRODUCTION, PUBLICATION, DISTRIBUTION, MANUFACTURE, AND COPYRIGHT NOTICE
Place of production, publication, distribution, manufacture New York :
Name of producer, publisher, distributor, manufacturer Guilford Press,
Date of production, publication, distribution, manufacture, or copyright notice 2012.
300 ## - PHYSICAL DESCRIPTION
Extent 490 p. :
Other physical details ill. ;
Dimensions 27 cm. +1 CD-ROM (4 3/4 in.).
490 0# - SERIES STATEMENT
Series statement Treatment plans and interventions for evidence-based psychotherapy
650 22 - SUBJECT ADDED ENTRY--TOPICAL TERM
Topical term or geographic name entry element Cognitive Therapy.
9 (RLIN) 17706
653 ## - INDEX TERM--UNCONTROLLED
keyword დეპრესია
653 ## - INDEX TERM--UNCONTROLLED
keyword შფოთვითი აშლოლობა
700 1# - ADDED ENTRY--PERSONAL NAME
Personal name Holland, Stephen J.
Relator term ავტორი
9 (RLIN) 17707
700 1# - ADDED ENTRY--PERSONAL NAME
Personal name McGinn, Lata K.
Relator term ავტორი
9 (RLIN) 17708
942 ## - ADDED ENTRY ELEMENTS (KOHA)
Source of classification or shelving scheme
Koha item type წიგნი
ეგზემპლარები
Withdrawn status Lost status Source of classification or shelving scheme Damaged status Not for loan Permanent Location Current Location Shelving location Date acquired Cost, normal purchase price Full call number Barcode Date last seen Copy number Price effective from Koha item type Public note
          ბათუმის შოთა რუსთაველის სახელმწიფო უნივერსიტეტის მთავარი ბიბლიოთეკა ბათუმის შოთა რუსთაველის სახელმწიფო უნივერსიტეტის მთავარი ბიბლიოთეკა წიგნსაცავი 2023-04-21 191.00 616.89-085 29387 2023-04-21 29387 2023-04-21 წიგნი 191 ლ.